000
00313nam a2200109Ia 4500
008
221009s9999 xx 000 0 und d
082
_a
001
100
_a
Takshshila publication
_9
78699
245
0
_a
objective subject General Studies 7500+Multiple choice Questions
260
_b
Takshshila publication
942
_c
BK
999
_c
65241
_d
65241